| 000 | 00575pab a2200193 454500 | ||
|---|---|---|---|
| 008 | 180718b1995 xxu||||| |||| 00| 0 eng d | ||
| 100 | _aKaran Singh | ||
| 245 |
_aConcurrent evaluation of watershed development project _ba case study of Punjab. |
||
| 260 | _c1995 | ||
| 300 | _ap.75-84 | ||
| 362 | _aDec | ||
| 650 | _aManagement - India - Punjab - Case studies | ||
| 650 | _aWatershed management - India - Punjab - Case studies | ||
| 650 | _aWatersheds | ||
| 700 | _aSingh, Rajinder Pal | ||
| 700 | _aNirmala Singh | ||
| 773 | _aMan and Development | ||
| 909 | _a30405 | ||
| 999 |
_c30405 _d30405 |
||